000 00627nam a2200181Ia 4500
008 090123s9999 xx 000 0 und d
082 _b40380
100 _aबोरुडे संजय
245 _aसिस्टिमॅटिक रिव्हेंज
250 _a1
260 _bप्राजक्त प्रकाशन
_c2006
300 _a128
600 _aबोरुडे संजय
630 _aसिस्टिमॅटिक रिव्हेंज
700 _aबोरुडे संजय
730 _aसिस्टिमॅटिक रिव्हेंज
942 _cBOOK
999 _c78452
_d78452